Asian countries by rate of illiteracy - Statistics

General Stats
  • This quiz has been taken 32 times
  • The average score is 8 of 10
Answer Stats
Illiteracy Answer % Correct
38.2% Afghanistan
97%
56.4% Pakistan
94%
75.6% Myanmar
91%
64.9% Bhutan
88%
72.1% India
88%
72.8% Bangladesh
84%
77.2% Cambodia
84%
64.7% Nepal
84%
70.1% Yemen
69%
67.5% East Timor
66%
No matching quizzes found
Score Distribution
Percent of People with Each Score
Percentile by Number Answered
Your Score History
You have not taken this quiz